000 00363nam a22001457a 4500
003 MACL
005 20190508125113.0
008 190508b xxu||||| |||| 00| 0 eng d
040 _cMACL
100 _aKapur,Devesh
_974796
245 _aPethinking Public Institutions in India
260 _aNew Delhi
_bOxford
_c2018
650 _aPolitics
_974797
942 _2ddc
_cBK
999 _c59711
_d59711